01163nam a2200337 i 4500001000300000003000400003005001700007008004100024015001800065020001500083040001400098041001300112080001000125080001800135080001200153100004800165245011500213246003600328250001500364260005200379300002100431500006800452504001200520655003000532650001800562700003300580700003300613710004600646700003500692856009800727bgBPK20200722112150.0980713s1997 pl f |001 0 pol d aPB 1997/17681 a8320810949 aWA NcBPK1 apolheng a005.2 a002.513.5:004 a(075.8)1 aStoner, James Arthur Finchd(1935- )eAutor10aKierowanie /cJames A. F. Stoner, R. Edward Freeman, Daniel R. Gilbert jr ; przekł. [z ang.] Andrzej Ehrlich.1 iTyt. oryg.:aManagement,f1986. aWyd. 2 zm. aWarszawa :bPańst. Wydaw. Ekonomiczne,c1997. a656 s. ;c26 cm. aWyd. 1 pod hasłem : Stoner James Arthur Finch, Wankel Charles. aIndeks. 4aPodręczniki akademickie 4aZarządzanie1 aFreeman, R. Edwardd(1951- )1 aGilbert, Daniel R.d(1952- )2 aPaństwowe Wydawnictwo Ekonomiczne4pbl.1 aEhrlich, AndrzejeTłumaczenie uhttp://koha.tu.koszalin.pl/cgi-bin/koha/opac-detail.pl?biblionumber=32691yKatalog online BPK